| 000 | 00579cam a2200169Ia 4500 | ||
|---|---|---|---|
| 082 |
_a624.0685 _bASH _cN, P-14 |
||
| 100 | 1 |
_aAshford, John L., _942289 |
|
| 245 | 1 | 4 |
_aThe management of quality in construction _cJohn L. Ashford. |
| 260 |
_aLondon ; _aNew York : _bE. & F.N. Spon, _c1989. |
||
| 300 |
_aix, 237 p. : _bill. |
||
| 526 |
_a0 _b0 _c0 _d624_068500000000000_ASH |
||
| 650 | 0 |
_aBuilding _xQuality control. _942290 |
|
| 650 | 0 |
_aNUST _xManagement. _942291 |
|
| 710 | 2 |
_aebrary, Inc. _9622 |
|
| 856 | 4 | 0 | _uhttp://www.columbia.edu/cgi-bin/cul/resolve?clio6346991 |
| 942 |
_2ddc _cBK |
||
| 999 |
_c546209 _d546209 |
||